Mustafa Kemal ve uyanan Doğu (Record no. 7480)

MARC details
000 -BAŞLIK
Sabit Uzunlukta Kontrol Alanı 01019na a2200313 4500
001 - KONTROL NUMARASI
Denetim Alanı 14183
003 - KONTROL NUMARASI IDENTIFIER
Denetim Alanı MIRAKIL
005 - SON İŞLEM TARİHİ VE ZAMANI
Denetim Alanı 20181213155140.0
008 - SABİT-BOY VERİ ELEMANLARI - GENEL BİLGİLER
Sabit Uzunlukta Kontrol Alanı 161019b tu 000 0
035 ## - SİSTEM KONTROL NUMARASI
Sistem Kontrol Numarası 14183
040 ## - KATALOGLAMA KAYNAK
Orijinal Kataloglama Ajansı Milas
Kataloglama Dili tur
Metne Dönüştürmek Ajansı TR-AnCHP
041 ## - DİL KODU
Metin / Ses Parça Veya Ayrı Başlığın Dil Kodu tur
082 ## - DEWEY ONLU SINIFLANDIRMA NUMARASI
Sınıflandırma Numarası ATA 956.1024
Ürün Numarası G35m 1983
090 ## - SINIFLAMA NUMARASI
Sınıflama Numarası ATA 956.1024 G35m 1983
100 ## - ANA GİRİŞ - KİŞİSEL İSİM
Kişisel Ad Genziton, Paul
245 ## - BAŞLIK TABLOSU
Başlık Mustafa Kemal ve uyanan Doğu
Sorumluluk Tablosu, Vb Paul Genziton ; çeviren Fethi Ülkü
246 ## - UNVAN FORM VARYING
Başlık Doğru / Kısa Başlığı Uyanan Doğu
260 ## - YAYIN, DAĞITIM, VB
Yayın, Dağıtım, Vb Yeri Ankara
Yayıncı, Dağıtıcı, Vs Adı Kültür ve Turizm Bakanlığı
Yayın, Dağıtım, Vb Tarihi 1983
300 ## - FİZİKSEL TANIM
Kapsam 271 s.
Boyutlar 20 sm.
490 ## - SERİSİ TABLOSU
Seri Beyanı Tercüme eserler dizisi
Hacim / Ardışık Tanımı 19
490 ## - SERİSİ TABLOSU
Seri Beyanı Kültür ve Turizm Bakanlığı Yayınları
Hacim / Ardışık Tanımı 563
500 ## - GENEL NOT
Genel Not Özgün yapıt adı: Mustopha Kemal ou l'Orient en Marche
600 ## - KONU KATMA GİRİŞ - KURUMSAL ADI
Kişisel Ad Atatürk, Mustafa Kemal
Bir Adıyla İlişkilendirilen Tarihler 1881-1938
Genel Alt Bölümü Atatürk devrimleri
650 ## - KONU KATMA GİRİŞ - TOPİKAL DÖNEM
Topikal Süreli Veya Coğrafi Ad Giriş Elemanı Atatürkçülük
Genel Alt Bölümü İlkeler
651 ## - KONU KATMA GİRİŞ - COĞRAFİ ADI
Coğrafi İsim Türkiye
Genel Alt Bölümü Siyasal tarih
651 ## - KONU KATMA GİRİŞ - COĞRAFİ ADI
Coğrafi İsim Türkiye
Genel Alt Bölümü Yeniden yapılanma (1914-1939)
700 ## - KATMA GİRİŞ - KİŞİSEL İSİM
Kişisel Ad Ülkü, Fethi
942 ## - EKLENDİ GİRİŞ ELEMANLARI (KOHA)
Sınıflandırma Veya Raf Düzeni Kaynak
Koha Öğesi Türü Books
999 ## - SİSTEM KONTROL NUMARALARI (KOHA)
Koha Biblionumber 7480
Koha Biblioitemnumber 7480
Holdings
Kalıcı Konum Mevcut Konum Edinme Tarihi Edinim Kaynak Toplam Check-Out'Lar Tam Çağrı Numarası Barkod Tarih Son Görülme İtibaren Geçerli Fiyatlar Koha Öğesi Türü
CHP Kütüphanesi CHP Kütüphanesi 08/25/2016 Bağış   ATA 956.1024 G35m 1983 002133 08/25/2016 08/25/2016 Books